| 000 | 00347 a2200145 4500 | ||
|---|---|---|---|
| 082 | _a428 UNI | ||
| 090 |
_c38680 _d38680 |
||
| 245 | _aEast and West | ||
| 260 |
_aPeshawar _bUniversity of Peshawar |
||
| 300 | _a239 p. | ||
| 500 | _aBE textbook H & S dept | ||
| 538 | _aCFT textbook | ||
| 610 | _aUniversity Press | ||
| 942 |
_aNUST-CAE _k428 UNI |
||
| 999 |
_c454018 _d454018 |
||